[Event "ch-AUS 2011-12"]
[Site "North Geelong AUS"]
[Date "2012.01.03"]
[Round "7.6"]
[White "Akshat,Kh"]
[Black "McClymont,Brodie"]
[Result "1-0"]
[WhiteElo "2414"]
[BlackElo "2049"]

1.d4 Nf6 2.Bg5 e6 3.e4 h6 4.Bxf6 Qxf6 5.c3 e5 6.Nf3 Nc6 7.Bb5 a6 8.Bxc6 Qxc6
9.O-O d6 10.dxe5 dxe5 11.Nxe5 Qb5 12.Qd5 Be6 13.Qxb5+ axb5 14.a3 Bd6 15.Nf3 c5
16.Nbd2 Ke7 17.Rfe1 Rhd8 18.Nf1 Ra4 19.g3 g5 20.N3d2 Be5 21.Nf3 Bc7 22.Kg2 Kf6
23.h3 h5 24.h4 gxh4 25.Nxh4 Bb3 26.f4 Bc4 27.Nf3 Rg8 28.e5+ Ke6 29.Ne3 f6
30.Kf2 Bd3 31.exf6 h4 32.Nxh4 Bxf4 33.Neg2+ Be5 34.f7 Rf8  1-0

[Event "XLI Rilton Cup 2011-12"]
[Site "Stockholm SWE"]
[Date "2012.01.03"]
[Round "7"]
[White "Lundin,J"]
[Black "Kenneskog,Theodor"]
[Result "1/2-1/2"]
[WhiteElo "2314"]
[BlackElo "2123"]

1.d4 Nf6 2.Bg5 e6 3.Nf3 c5 4.e3 b6 5.c4 cxd4 6.exd4 Bb4+ 7.Nc3 O-O 8.Bd3 Bb7
9.O-O Be7 10.Bc2 d5 11.cxd5 Nxd5 12.Bxe7 Qxe7 13.Re1 Nd7 14.Rc1 Rac8 15.Bb3 N7f6
16.Nxd5 Bxd5 17.Bxd5 Nxd5 18.Qd2 Qb4 19.Rxc8 Rxc8 20.Rc1 Rc4 21.Rxc4 Qxc4
22.a3 a5 23.h3 Qc7 24.Ne5 f6 25.Nd3 Kf7 26.Qe2 Nf4 27.Nxf4 Qc1+ 28.Qf1 Qxf4
29.Qc4 f5 30.g3 Qd6 31.b4 axb4 32.axb4 Kf6 33.b5 Qd5 34.Qb4 Kf7 35.Qa4 Kf6
36.Qb4 Kf7 37.h4 f4 38.Kh2 Qa2 39.Kg2 Qe2 40.gxf4 Qg4+ 41.Kf1 Qxh4 42.Qa4 Qh1+
43.Ke2 Qe4+ 44.Kf1 Kg6 45.Qc4 h5 46.Qc6 Qxd4 47.Qxe6+ Kh7 48.Qf5+ g6 49.Qf7+ Kh6
50.Qf8+ Kh7 51.Qe7+ Kh6 52.Qf8+  1/2-1/2

[Event "XLI Rilton Cup 2011-12"]
[Site "Stockholm SWE"]
[Date "2012.01.04"]
[Round "8"]
[White "Bellon Lopez,JuM"]
[Black "Johansson,Linus"]
[Result "1/2-1/2"]
[WhiteElo "2419"]
[BlackElo "2197"]

1.d4 Nf6 2.Bg5 e6 3.e4 h6 4.Bxf6 Qxf6 5.Nc3 d6 6.Qd2 g5 7.h4 g4 8.f4 gxf3
9.Nxf3 Bd7 10.O-O-O Nc6 11.Nb5 O-O-O 12.d5 Bg7 13.c3 Ne5 14.Nxa7+ Kb8 15.Nb5 h5
16.Kb1 Nxf3 17.gxf3 exd5 18.Qe3 Bxb5 19.Bxb5 dxe4 20.fxe4 Qe7 21.Qf3 Bf6
22.Rd5 Bxh4 23.Rf5 Rdf8 24.Bc4 Bg5 25.Bxf7 h4 26.Bg6 Rxf5 27.Bxf5 Qe5 28.Qg4 Qf4
29.Qe2 h3 30.Qh2 Qe3 31.Bxh3 Qxe4+ 32.Ka1 Bf4 33.Bg2 Rxh2 34.Bxe4 Rxh1+ 35.Bxh1 c5
36.Bd5 Ka7 37.Kb1 b5 38.Kc2 Kb6 39.b3 b4 40.c4 Bh2 41.Bh1 Bg3 42.Bg2 Bh2
43.Bh1 Bg3 44.Bg2 Bh2 45.Bh1  1/2-1/2

[Event "5th Costa Viola Open A"]
[Site "Palmi ITA"]
[Date "2012.01.06"]
[Round "9"]
[White "Familari,G"]
[Black "Furnari,Franco"]
[Result "1/2-1/2"]
[WhiteElo "1967"]
[BlackElo "1910"]

1.d4 Nf6 2.Bg5 e6 3.e4 h6 4.Bxf6 Qxf6 5.c3 e5 6.g3 d6 7.Bg2 c6 8.Ne2 g5 9.Nd2 Na6
10.Nc4 Bd7 11.Qb3 b5 12.Ne3 Nc7 13.h3 Be6 14.d5 cxd5 15.exd5 Bd7 16.Qc2 Be7
17.a4 O-O 18.O-O Qg6 19.Qxg6+ fxg6 20.axb5 Nxb5 21.g4 Bd8 22.Ng3 Nc7 23.Ne4 Ne8
24.c4 Bb6 25.b4 Bd4 26.Rab1 Rd8 27.Rfc1 Ba4 28.Nc2 Bxc2 29.Rxc2 Nf6 30.Nxf6+ Rxf6
31.c5 Rc8 32.c6 Rc7 33.Be4 h5 34.Kg2 h4 35.Rb3 Bb6 36.Rf3 Kg7 37.Rxf6 Kxf6  1/2-1/2

[Event "4th Chennai Open"]
[Site "Chennai IND"]
[Date "2012.01.12"]
[Round "11"]
[White "Hoang Thanh Trang"]
[Black "Oleksienko,M"]
[Result "1/2-1/2"]
[WhiteElo "2435"]
[BlackElo "2563"]

1.d4 Nf6 2.Bg5 e6 3.e4 h6 4.Bxf6 Qxf6 5.c3 d6 6.Bd3 e5 7.Ne2 g6 8.O-O Bg7
9.f4 Qe7 10.Nd2 O-O 11.Nf3 Nc6 12.Qe1 exd4 13.Nexd4 Nxd4 14.Nxd4 Bd7 15.Qf2 c5
16.Nc2 Bc6 17.Rae1 Rae8 18.Ne3 Bf6 19.f5 Kg7 20.Qg3 Qe5 21.Qh3 h5 22.Re2 b5
23.Nd5 g5 24.Qf3 a6 25.g3 Rh8 26.Rd1 g4 27.Qg2 Bg5 28.Bc2 h4 29.f6+ Kf8 30.gxh4 Rxh4
31.Rf2 Bd7 32.Nb6 Qe6 33.Qg3 Rh3 34.Qxd6+ Qxd6 35.Rxd6 Be6 36.Kg2 Be3 37.Rf1 c4
38.Nd5 Bc5 39.Rc6 Bxd5 40.Rxc5 Bxe4+  1/2-1/2

[Event "Basque Teams 2012"]
[Site "Bergara ESP"]
[Date "2012.01.14"]
[Round "1.5"]
[White "Perez de Miguel,A"]
[Black "Iruzubieta Villaluenga,J"]
[Result "0-1"]
[WhiteElo "2190"]
[BlackElo "2391"]

1.d4 Nf6 2.Bg5 e6 3.e4 h6 4.Bxf6 Qxf6 5.c3 d6 6.Bc4 Nc6 7.Ne2 Qg6 8.O-O Qxe4
9.Re1 Be7 10.Ng3 Qh4 11.Re4 Qf6 12.Nh5 Qg6 13.Re3 Qh7 14.d5 Ne5 15.Bb5+ c6
16.Ba4 exd5 17.Bc2 Qg8 18.Rg3 g6 19.f4 Bg4 20.Qd4 Bxh5 21.fxe5 Qg7 22.exd6 Qxd4+
23.cxd4 Bxd6 24.Re3+ Kd7 25.h3 f5 26.Nc3 Rae8 27.Rae1 f4 28.Rxe8 Rxe8 29.Rc1 Bf8
30.Nxd5 Bg7 31.Nxf4 Bxd4+ 32.Kh1 Be3 33.Nxh5 gxh5 34.Rd1+ Kc7 35.Bg6 Re5
36.g4 h4 37.Re1 Kd6 38.Kg2 Kc5 39.Re2 Bd4 40.Rc2+ Kb6 41.Rd2 Bc5 42.a3 Re1
43.b4 Be3 44.Rd3 Rg1+ 45.Kf3 Rg3+ 46.Ke4 Bc1 47.a4 Ba3 48.Rxg3 hxg3 49.Kf3 Bxb4
50.Kxg3 Kc5 51.Kf4 Kc4 52.Be4 Be1 53.Bf3 a5 54.Bd1 b5 55.Kf5 Kc3 56.Ke6 b4
57.Kd6 b3 58.Bf3 Kd3 59.Kxc6 Kc4 60.Bd1 Bh4 61.Kb6 Bd8+ 62.Kc6 Kc3 63.Bf3 Kb4  0-1

[Event "11th Marienbad IMB2"]
[Site "Marianske Lazne CZE"]
[Date "2012.01.21"]
[Round "1"]
[White "Chernyshova,N"]
[Black "Roesemann,R"]
[Result "0-1"]
[WhiteElo "2072"]
[BlackElo "2302"]

1.d4 Nf6 2.Bg5 e6 3.e4 h6 4.Bxf6 Qxf6 5.Nf3 d6 6.c3 Nd7 7.Nbd2 a6 8.Bd3 Qd8
9.a4 b6 10.Qe2 Bb7 11.O-O Be7 12.Rfe1 c5 13.e5 Qc7 14.exd6 Bxd6 15.Be4 O-O
16.Bxb7 Qxb7 17.Nc4 Be7 18.Nce5 cxd4 19.Nxd7 Qxd7 20.Nxd4 Bf6 21.Red1 Rfd8
22.Nf3 Qb7 23.Kf1 Rd7 24.Rxd7 Qxd7 25.Qc4 Qb7 26.Rd1 Rc8 27.Qb3 Qc6 28.Qb4 a5
29.Qb3 g5 30.Nd2 Kg7 31.f3 Be7 32.Qb5 Qd6 33.g3 Rc5 34.Qe2 Qc6 35.Qe4 Qd7
36.Qc2 Rd5 37.c4 Rd4 38.Ke2 Qc6 39.b3 g4 40.Qc3 Bf6 41.Qe3 Qd7 42.f4 Qc6
43.Rf1 Rd7 44.Kd1 Qd6 45.Ke2 Qc6 46.Kd1 Bd4 47.Qe2 Bc3 48.Qxg4+ Kf8 49.Rf2 Qh1+
50.Kc2 Qa1  0-1

[Event "11th Marienbad IMB2"]
[Site "Marianske Lazne CZE"]
[Date "2012.01.23"]
[Round "3"]
[White "Chernyshova,N"]
[Black "Kulicov,O"]
[Result "0-1"]
[WhiteElo "2072"]
[BlackElo "2425"]

1.d4 Nf6 2.Bg5 e6 3.e4 c5 4.e5 h6 5.Be3 Nd5 6.c4 Nxe3 7.fxe3 cxd4 8.exd4 Qh4+
9.Ke2 d6 10.Nf3 Qh5 11.h3 dxe5 12.dxe5 Nc6 13.g4 Qg6 14.Qd3 Qxd3+ 15.Kxd3 b6
16.Be2 Bb7 17.Rf1 g5 18.Kc2 Bg7 19.Nc3 Nxe5 20.Nb5 Ke7 21.Rae1 Nc6 22.a3 Rac8
23.b3 Rhd8 24.Bd3 a6 25.Nc3 Nd4+ 26.Nxd4 Bxd4 27.Ne4 b5 28.h4 gxh4 29.g5 bxc4
30.Bxc4 Bxe4+  0-1

[Event "12th ch-CRO"]
[Site "Opatija CRO"]
[Date "2012.01.27"]
[Round "11.4"]
[White "Sulava,N"]
[Black "Jankovic,A"]
[Result "0-1"]
[WhiteElo "2514"]
[BlackElo "2568"]

1.d4 Nf6 2.Bg5 e6 3.e4 h6 4.Bxf6 Qxf6 5.c3 d6 6.Bd3 g6 7.Ne2 Bg7 8.O-O e5
9.f4 Qe7 10.Nd2 O-O 11.Nf3 c5 12.Kh1 exd4 13.cxd4 cxd4 14.f5 g5 15.Nfxd4 Nd7
16.Rc1 Nf6 17.Ng3 Bd7 18.Rc7 Qe5 19.Bb1 d5 20.Rxb7 dxe4 21.Rxd7 Nxd7 22.Nc6 Qc7
23.Ne7+ Kh8 24.Nd5 Qe5 25.f6 Nxf6 26.Rf5 Qxb2 27.Nxf6 Bxf6 28.Bxe4 Rad8 29.Qh5 Bg7
30.h4 gxh4 31.Qxh4 Qxa2 32.Kh2 Rd6 33.Nh5 Qb2 34.Qf4 Re6 35.Bd5 Be5  0-1

[Event "Gibraltar Open"]
[Site "Caleta ENG"]
[Date "2012.01.28"]
[Round "5.46"]
[White "Seps,M"]
[Black "Pavlovic,Milos"]
[Result "1/2-1/2"]
[WhiteElo "2182"]
[BlackElo "2531"]

1.d4 Nf6 2.Bg5 e6 3.e4 h6 4.Bxf6 Qxf6 5.c3 Qd8 6.Bd3 d5 7.e5 c5 8.dxc5 Nd7
9.Nf3 Nxc5 10.Bc2 Qb6 11.b4 Nd7 12.Nbd2 Qc7 13.O-O Be7 14.c4 dxc4 15.Qe2 Nb6
16.a4 Bxb4 17.a5 Nd5 18.Nxc4 Bd7 19.Rfc1 Rc8 20.Nfd2 O-O 21.Qd3 g6 22.Qg3 Kg7
23.h4 Qd8 24.Be4 Bxd2 25.Nxd2 Rxc1+ 26.Rxc1 Qxa5 27.Nf3 Nc3 28.Bd3 Rc8 29.Re1 Bb5
30.Bxb5 Qxb5 31.Nd4 Qb4 32.Qf4 Nd5 33.Qe4 Rc4 34.Rd1 Qa4 35.Rd3 Qa1+ 36.Kh2 b5
37.h5 Rxd4 38.Rxd4 g5 39.Rd2 b4 40.g3 b3 41.Qe2 Qc3 42.f4 Qe3 43.Qxe3  1/2-1/2

[Event "17th HIT Open A"]
[Site "Nova Gorica SLO"]
[Date "2012.01.28"]
[Round "3"]
[White "Rozic,V"]
[Black "Neverov,V"]
[Result "0-1"]
[WhiteElo "2258"]
[BlackElo "2541"]

1.d4 Nf6 2.Bg5 e6 3.e4 h6 4.Bxf6 Qxf6 5.c3 d6 6.Bd3 Nd7 7.Ne2 g6 8.O-O Bg7
9.f4 Qe7 10.Nd2 e5 11.Qc2 O-O 12.h3 exd4 13.cxd4 c5 14.d5 Nf6 15.Rae1 Bd7
16.a4 a6 17.Nc3 Nh5 18.e5 Qh4 19.Ne2 b5 20.Nf3 Qd8 21.g4 c4 22.Be4 Nxf4 23.Nxf4 dxe5
24.Nxg6 fxg6 25.Bxg6 Qe7 26.Kg2 Rad8 27.Bh7+ Kh8 28.Be4 Bc8 29.axb5 axb5
30.Ra1 Rf4 31.Ra8 Rdf8 32.Qe2 Qc5 33.Rxc8 Rxc8 34.Nh4 Kg8 35.Nf5 c3 36.bxc3 Qc4
37.Qxc4 Rxc4 38.Rxf4 exf4 39.Kf3 Be5 40.d6 Rxc3+ 41.Kg2 b4 42.d7 Bf6 43.Nd4 Kf7
44.Nc6 b3 45.d8=Q Bxd8 46.Nxd8+ Kf6 47.Bf5 b2 48.Ne6 Ke5 49.Nf8 Kd4 50.Nd7 Rc1
51.Kf3 Rf1+ 52.Ke2 Rh1 53.Nf8 Rxh3 54.Ng6 Re3+ 55.Kf2  0-1

[Event "TCh-BEL 2011-12"]
[Site "Anderlecht BEL"]
[Date "2012.01.29"]
[Round "7.8"]
[White "Vanstreels,L"]
[Black "Van Overdam,Jan"]
[Result "0-1"]
[WhiteElo "2038"]
[BlackElo "2072"]

1.d4 Nf6 2.Bg5 e6 3.Nf3 h6 4.Bh4 d5 5.e3 c5 6.c4 cxd4 7.Nxd4 Nc6 8.Nc3 Bb4
9.Qb3 Be7 10.Rd1 Qa5 11.Bxf6 Bxf6 12.cxd5 Nxd4 13.exd4 O-O 14.Be2 exd5 15.O-O Rd8
16.Rd2 Rb8 17.Rfd1 Be6 18.a3 b5 19.Qa2 b4 20.axb4 Qxb4 21.Qxa7 Bg5 22.Rc2 Bf5
23.Bd3 Bxd3 24.Rxd3 Ra8 25.Qa3  0-1

[Event "Moscow Open A 2012"]
[Site "Moscow RUS"]
[Date "2012.01.30"]
[Round "3"]
[White "Andreikin,D"]
[Black "Kovchan,A"]
[Result "1/2-1/2"]
[WhiteElo "2688"]
[BlackElo "2565"]

1.d4 Nf6 2.Bg5 e6 3.e3 c5 4.Nd2 h6 5.Bh4 d5 6.c3 Bd6 7.Ngf3 Nbd7 8.Bd3 O-O
9.O-O b6 10.e4 cxd4 11.cxd4 dxe4 12.Bxe4 Rb8 13.Bc6 Bb7 14.Rc1 b5 15.d5 exd5
16.Bxd7 Qxd7 17.Bxf6 gxf6 18.Nd4 Rfc8 19.Qf3 Rxc1 20.Rxc1 Rc8 21.Rd1 Bf8
22.Nf1 Qe8 23.Qg4+ Kh8 24.Ne3 b4 25.h3 Qe4 26.Qd7 Qe7 27.Qb5 Qc7 28.Nef5 a6
29.Qe2 Qf4 30.g3 Qe4 31.Qh5 Rc7 32.Nxh6 Qh7 33.Ndf5 Bxh6 34.Nxh6 d4 35.Re1 Re7
36.Nxf7+ Rxf7 37.Re8+ Kg7 38.Qg4+ Kh6 39.Qf4+ Kg7 40.Qg4+ Kh6 41.Qf4+  1/2-1/2

[Event "Gibraltar Open"]
[Site "Caleta ENG"]
[Date "2012.01.31"]
[Round "8.109"]
[White "Mozelius,P"]
[Black "Marder,S"]
[Result "1/2-1/2"]
[WhiteElo "1869"]
[BlackElo "2032"]

1.d4 Nf6 2.Bg5 e6 3.e3 d5 4.Bd3 Be7 5.Nf3 O-O 6.O-O c5 7.c3 Nc6 8.h3 h6 9.Bh4 Nd7
10.Bxe7 Qxe7 11.Nbd2 e5 12.dxe5 Ndxe5 13.Nxe5 Nxe5 14.Be2 Bd7 15.Nf3 Bc6
16.Nxe5 Qxe5 17.Bf3 Rad8 18.Qc2 Rd6 19.Rad1 Rfd8 20.b4 c4 21.Rd4 b5 22.Rfd1 a6
23.Bg4 Bd7 24.Bxd7 R8xd7 25.Rf4 Rf6 26.Rxf6 Qxf6 27.Rd4 Qe6 28.Rf4 Re7 29.Qf5 Qxf5
30.Rxf5 Rd7 31.Rf4 Kf8 32.g4 Ra7 33.Rd4 a5  1/2-1/2

[Event "Gibraltar Open"]
[Site "Caleta ENG"]
[Date "2012.02.01"]
[Round "9.25"]
[White "Bellon Lopez,JuM"]
[Black "Jussupow,Ar"]
[Result "0-1"]
[WhiteElo "2422"]
[BlackElo "2569"]

1.d4 Nf6 2.Bg5 e6 3.e4 h6 4.Bxf6 Qxf6 5.Nc3 Bb4 6.Qd2 c5 7.e5 Qd8 8.a3 Bxc3
9.Qxc3 cxd4 10.Qxd4 Qa5+ 11.Qc3 Qxc3+ 12.bxc3 b6 13.Nf3 Bb7 14.Nd4 Nc6 15.Nxc6 Bxc6
16.Ba6 Bxg2 17.Rg1 Be4 18.O-O-O g5 19.Rd4 Bc6 20.h4 gxh4 21.Rxh4 Ke7 22.Rd1 Rag8
23.Rhd4 h5 24.Bb7 Rd8 25.Bxc6 dxc6 26.Rh1 Rxd4 27.cxd4 h4 28.Rh3 f6 29.Kd2 fxe5
30.dxe5 Kf7 31.Ke3 Kg6 32.Ke4 Kg5 33.f4+ Kg6 34.Rh1 h3 35.Rg1+ Kf7 36.Kf3 h2
37.Rh1 Kg6 38.Kg4 b5  0-1

[Event "Moscow Open D 2012"]
[Site "Moscow RUS"]
[Date "2012.02.01"]
[Round "5"]
[White "Ipatov,A ESP"]
[Black "Swiercz,D"]
[Result "1/2-1/2"]
[WhiteElo "2586"]
[BlackElo "2583"]

1.d4 Nf6 2.Bg5 e6 3.e4 h6 4.Bxf6 Qxf6 5.Nf3 d6 6.Nc3 Nd7 7.Qd2 Qd8 8.O-O-O a6
9.h4 c5 10.dxc5 Nxc5 11.e5 d5 12.Nd4 Qc7 13.f4 b5 14.g4 Bb7 15.Rh3 b4 16.Nce2 Ne4
17.Qe1 Bc5 18.Kb1 Qb6 19.Bg2 O-O-O 20.Ka1 Kb8 21.Rhd3 Rc8 22.f5 a5 23.c3 Rc7
24.fxe6 fxe6 25.Nf4 Bxd4 26.cxd4 Rhc8 27.Rb1 g5 28.hxg5 hxg5 29.Nh5 Rc2 30.Bxe4 dxe4
31.Nf6 Qb5 32.Rh3 Re2 33.Nd7+ Ka7 34.Qf1 Qc4 35.Rh7 Rc7 36.Nb6 Kxb6 37.Rxc7 Kxc7
38.Rc1 Ba6 39.Rxc4+ Bxc4 40.Qc1 Kb7 41.b3 Bd5 42.Qf1 Rh2 43.Qb5+ Kc8 44.Qe8+ Kb7
45.Qb5+ Kc8 46.Qe8+ Kb7 47.Qe7+ Ka6 48.Qd6+ Kb7 49.Qe7+ Ka6 50.Qd6+  1/2-1/2

[Event "Moscow Open Women 2012"]
[Site "Moscow RUS"]
[Date "2012.02.02"]
[Round "6.71"]
[White "Artemenko,R"]
[Black "Savinova,Yulia"]
[Result "0-1"]
[WhiteElo "1574"]
[BlackElo "1772"]

1.d4 Nf6 2.Bg5 e6 3.c4 h6 4.Bh4 Be7 5.Nd2 O-O 6.e3 d5 7.Ngf3 b6 8.Be2 Bb7
9.O-O Nbd7 10.Rc1 c5 11.b3 Qb8 12.Bg3 Qd8 13.Ne5 dxc4 14.Nxd7 Nxd7 15.dxc5 Nxc5
16.Nxc4 Bd5 17.Bf3 Bxf3 18.Qxf3 Qd5 19.Qxd5 exd5 20.Ne5 Bf6 21.Nc6 Rfc8 22.Nd4 Nd3
23.Rc7 Rxc7 24.Bxc7 Rc8 25.Bd6 Bxd4 26.exd4 Nc1 27.g3 Nxa2 28.Ra1 Rc1+ 29.Rxc1 Nxc1
30.Bb8 a6 31.b4 b5 32.Kf1 Nb3 33.Ba7 Kf8 34.Ke2 a5 35.bxa5 Nxa5 36.Kd3 Nc6
37.Bc5+ Kg8 38.Kc3 f6 39.f3 h5 40.h3 Kf7 41.Bd6 Ke6 42.Bf8 g6 43.Bc5 Kf5
44.Bf8 g5 45.Bg7 Kg6 46.Bf8 Kf5 47.Bd6 g4 48.hxg4+ hxg4 49.fxg4+ Kxg4 50.Kd3 Kf3
51.Bf4 f5 52.Bd6 b4 53.Be5 b3 54.Kc3 Ke4 55.Bg7 b2 56.Kxb2 Nxd4 57.Kc3 Ne2+
58.Kd2 Nxg3 59.Bf8 f4 60.Bd6 Nf5 61.Bc5 f3 62.Bf2 Nh6 63.Bb6 Ng4 64.Ke1 d4
65.Bc5 Ke3 66.Bb6 f2+ 67.Kf1 Nh2+ 68.Kg2 f1=Q+  0-1

[Event "Moscow Open 2012 A"]
[Site "Moscow RUS"]
[Date "2012.02.02"]
[Round "6.41"]
[White "Sjugirov,S"]
[Black "Aldokhin,I"]
[Result "1-0"]
[WhiteElo "2622"]
[BlackElo "2376"]

1.d4 Nf6 2.Bg5 e6 3.Nd2 Nc6 4.e3 h6 5.Bh4 d6 6.c4 g5 7.Bg3 Bg7 8.h4 Ne7 9.Bd3 Nf5
10.Bxf5 exf5 11.hxg5 hxg5 12.Rxh8+ Bxh8 13.Nh3 f4 14.exf4 g4 15.Qe2+ Qe7
16.Ng1 Nh5 17.Qxe7+ Kxe7 18.Ne2 Bf5 19.Nf1 Nxg3 20.Nexg3 Bd7 21.Ne3 Re8 22.Kd2 Kf6
23.Rh1 Rg8 24.Nd5+  1-0

[Event "e2e4 Brighton Masters"]
[Site "Brighton ENG"]
[Date "2012.02.17"]
[Round "5"]
[White "Bigg,A"]
[Black "Ueti,S"]
[Result "1-0"]
[WhiteElo "2304"]
[BlackElo "2150"]

1.d4 Nf6 2.Bg5 e6 3.e4 h6 4.Bxf6 Qxf6 5.Nf3 d6 6.c3 Qd8 7.Nbd2 Nd7 8.Bd3 c5
9.O-O Be7 10.Qe2 cxd4 11.Nxd4 O-O 12.Kh1 a6 13.a4 Qc7 14.a5 Re8 15.f4 Bf8
16.Bc4 g6 17.N2f3 Bg7 18.Ba2 Re7 19.Nc2 Nb8 20.Ne3 Bd7 21.Qf2 Nc6 22.f5 gxf5
23.exf5 d5 24.Nh4 Be5 25.f6 Ree8 26.Ng4 h5 27.Qd2 Bf4 28.Rxf4  1-0

[Event "32nd TCh-IND w 2012"]
[Site "Panaji IND"]
[Date "2012.02.27"]
[Round "1"]
[White "Nandhini,S"]
[Black "Sachdev,T"]
[Result "0-1"]
[WhiteElo "1794"]
[BlackElo "2411"]

1.d4 Nf6 2.Bg5 e6 3.e3 Be7 4.Bd3 d6 5.Nd2 h6 6.Bxf6 Bxf6 7.c3 Nd7 8.Ngf3 e5
9.Qc2 O-O 10.O-O-O d5 11.dxe5 Nxe5 12.Nxe5 Bxe5 13.Nf3 Bf6 14.e4 c6 15.exd5 cxd5
16.Bh7+ Kh8 17.Bf5 Be6 18.Bxe6 fxe6 19.Rhe1 Qd6 20.Kb1 e5 21.Nd2 Qc6 22.f3 b5
23.Nf1 Rad8  0-1

[Event "TCh-AUT 2 Mitte 2011-12"]
[Site "St. Veit AUT"]
[Date "2012.03.02"]
[Round "7"]
[White "Enoeckl,P"]
[Black "Aschenbrenner,R"]
[Result "1/2-1/2"]
[WhiteElo "2292"]
[BlackElo "2270"]

1.d4 Nf6 2.Bg5 e6 3.Nd2 h6 4.Bh4 d6 5.e3 Be7 6.Bd3 Nbd7 7.Ngf3 c6 8.c3 O-O
9.Qc2 Re8 10.O-O-O e5 11.dxe5 dxe5 12.Bg3 Bf8 13.h3 Qa5 14.Kb1 e4 15.Nxe4 Nxe4
16.Bxe4 Nf6 17.Bd3 Be6 18.c4 c5 19.Bh2 b5 20.Ne5 Rac8 21.g4 Bd6 22.Nd7 Nxd7
23.Bxd6 Nb6 24.g5 hxg5 25.h4 g4 26.h5 Bxc4 27.Bxc4 Nxc4 28.h6 g6 29.Ka1 Kh7
30.Bf4 Rcd8 31.b3 Rd2 32.Rxd2 Qxd2 33.Qxd2 Nxd2 34.Rg1 Ne4 35.Rxg4 f5 36.Rg2 Rd8
37.f3 Rd2 38.Rh2 Rxh2 39.Bxh2 Nd2 40.Bd6 c4 41.bxc4 Nxc4 42.Bf4 Nd2 43.e4 Nxf3
44.exf5 g5 45.Bb8 a6 46.Kb2 Nd4 47.Kc3 Nc6 48.Bd6 Kxh6 49.Kd3 Kg7 50.Ke4 Kf6
51.Ba3 Ne7 52.Bb2+ Kf7 53.Bc1 g4 54.Kf4 g3 55.Kxg3 Nxf5+ 56.Kf4 Ke6 57.Ke4 Ng3+
58.Kf3 Nh5 59.Ke4 Nf6+ 60.Kd4 Kd6 61.Kc3 Nd5+ 62.Kb3 Kc5 63.Ba3+ Kb6 64.Bd6 a5
65.Bf8 a4+ 66.Kc2 b4 67.Bg7 Kb5 68.Kb2 Kc4 69.Be5 Ne3 70.Bd6 Nd1+ 71.Kc2 Nc3
72.Kb2 Ne2 73.Be5 Kd5 74.Bf6 Nf4 75.Bg7 Kc4 76.Bf6 Ne6 77.Be7 Nd4 78.Bf6 a3+
79.Kb1 Nf3 80.Be7 Kc3 81.Bf6+ Kd3 82.Be7 Nd2+ 83.Kc1 b3 84.Bxa3 bxa2  1/2-1/2

[Event "TCh-CAT 2012"]
[Site "Catalunya ESP"]
[Date "2012.03.03"]
[Round "6.2"]
[White "Moskalenko,V1"]
[Black "Cuadras Avellana,Jo"]
[Result "1/2-1/2"]
[WhiteElo "2532"]
[BlackElo "2316"]

1.d4 Nf6 2.Bg5 e6 3.Nd2 h6 4.Bh4 c5 5.e3 d5 6.c3 Nbd7 7.Ngf3 Be7 8.Bd3 b6
9.O-O Bb7 10.Qb1 O-O 11.b4 cxb4 12.cxb4 Nh5 13.Bxe7 Qxe7 14.a4 Rac8 15.a5 Rc7
16.axb6 axb6 17.Rc1 Rfc8 18.Rxc7 Rxc7 19.Ba6 Bxa6 20.Rxa6 g6 21.g3 Nhf6 22.Ra8+ Kg7
23.b5 e5 24.dxe5 Nxe5 25.Nxe5 Qxe5 26.Nf3 Qc3 27.Nd4 Ne4 28.Qa1 Qxa1+ 29.Rxa1 Rc4
30.Ra6 Rb4 31.Rxb6 Rb1+ 32.Kg2 Rb2 33.Rc6 Rxf2+ 34.Kg1 Rb2 35.Rc2 Rb1+ 36.Kg2 Kf6
37.Kf3 Ke5 38.Nc6+ Kd6 39.Nd4 Ke5 40.Ke2 Nd6 41.Rc7 Nxb5 42.Nxb5 Rxb5 43.Rxf7 Rb2+
44.Kf3 Rxh2 45.Rf8  1/2-1/2

[Event "2nd HD Bank Cup 2012"]
[Site "Ho Chi Minh City VIE"]
[Date "2012.03.04"]
[Round "4.16"]
[White "Le Tuan Minh"]
[Black "Ly,Mo"]
[Result "1/2-1/2"]
[WhiteElo "2123"]
[BlackElo "2402"]

1.d4 Nf6 2.Bg5 e6 3.e4 h6 4.Bxf6 Qxf6 5.c3 d5 6.Nd2 Qd8 7.Bd3 c5 8.exd5 exd5
9.Ngf3 Nc6 10.dxc5 Bxc5 11.O-O O-O 12.Nb3 Bb6 13.Bc2 Be6 14.Qd3 g6 15.Nbd4 Bg4
16.Bb3 Qf6 17.Bxd5 Nxd4 18.Nxd4 Bxd4 19.Qxd4 Qxd4 20.cxd4 Rfd8 21.Bxb7 Rab8
22.Bc6 Rxd4 23.b3 Rd2 24.h3 Be6 25.Rfd1 Rbd8 26.Bf3 Kg7 27.Kf1 R8d7 28.Ke1 R2d6
29.Rxd6 Rxd6 30.Rd1 Ra6 31.Rd2 Kf6 32.Ke2 Ke5 33.Ke3 g5 34.Re2 Rd6 35.Rc2 Ra6
36.Be2 Ra5 37.Bd3 f5 38.Re2 Bd5 39.g3 f4+ 40.Kd2+ Kd4 41.Bb1 fxg3 42.fxg3 Ra6
43.Rf2 Rc6 44.h4 Be4 45.Bxe4 Kxe4 46.hxg5 hxg5 47.Rf7 a5 48.g4 Rc5 49.a3 Rd5+
50.Kc2 Rc5+ 51.Kd2 Rd5+ 52.Kc2 Rc5+ 53.Kb2 Rd5 54.Rf2 Ke3 55.Rf5 Rd2+ 56.Kc1 Rg2
57.Rxg5 Kd3 58.Rc5 a4 59.b4 Rxg4 60.Rc2 Rg1+ 61.Kb2 Kd4 62.Ka2 Rg5 63.Kb2 Rh5
64.Rd2+ Kc4 65.Rg2 Rf5 66.Rc2+ Kd4 67.Rh2 Rg5 68.Kc2 Rg4  1/2-1/2

[Event "2nd HD Bank Cup 2012"]
[Site "Ho Chi Minh City VIE"]
[Date "2012.03.04"]
[Round "5.21"]
[White "Tu Hoang Thong"]
[Black "Le Hoang Tran Chau"]
[Result "1-0"]
[WhiteElo "2416"]
[BlackElo "2093"]

1.d4 Nf6 2.Bg5 e6 3.Nd2 d5 4.e3 Be7 5.Bd3 c5 6.c3 Nbd7 7.f4 b6 8.Ngf3 Bb7
9.Ne5 O-O 10.Qf3 Nxe5 11.fxe5 Nd7 12.Qh3 g6 13.Bh6 Re8 14.O-O Bc6 15.Rf4 Bg5
16.Bxg5 Qxg5 17.Rxf7 h5 18.Raf1 cxd4 19.cxd4 Nf8 20.R1f6 Qg4 21.Rxf8+  1-0

[Event "2nd HD Bank Cup 2012"]
[Site "Ho Chi Minh City VIE"]
[Date "2012.03.04"]
[Round "5.13"]
[White "Nguyen Huynh Minh Huy"]
[Black "Li Shilong"]
[Result "0-1"]
[WhiteElo "2460"]
[BlackElo "2549"]

1.d4 Nf6 2.Bg5 e6 3.e4 h6 4.Bxf6 Qxf6 5.Nc3 d6 6.Qd2 a6 7.f4 g5 8.g3 gxf4
9.gxf4 Qh4+ 10.Qf2 Qxf2+ 11.Kxf2 b5 12.Bg2 Nd7 13.Nge2 c5 14.Rad1 Bb7 15.d5 e5
16.f5 Be7 17.Rb1 c4 18.Nd1 Bd8 19.Ne3 Bb6 20.Kf3 Ke7 21.Bf1 Nf6 22.Rg1 Rag8
23.Rxg8 Rxg8 24.Bh3 Nh7 25.Kf2 h5 26.Rg1 Ng5 27.Bg2 h4 28.Re1 b4 29.c3 a5
30.Ng1 Ba6 31.a3 Nh7 32.Kf3 Nf6 33.Bf1 bxc3 34.bxc3 Bxe3 35.Rxe3 Rb8 36.Kg2  0-1

[Event "2nd HD Bank Cup 2012"]
[Site "Ho Chi Minh City VIE"]
[Date "2012.03.07"]
[Round "9.40"]
[White "Nguyen Dang Hong Phuc"]
[Black "Le Thanh Tai"]
[Result "0-1"]
[WhiteElo "1765"]
[BlackElo "1889"]

1.d4 Nf6 2.Bg5 e6 3.e4 Be7 4.Bxf6 Bxf6 5.Nf3 d5 6.e5 Be7 7.Bd3 c5 8.c3 Qb6
9.Qd2 Nc6 10.O-O Bd7 11.Be2 cxd4 12.cxd4 g5 13.Rd1 g4 14.Ne1 h5 15.Nc3 Na5
16.Nc2 Rc8 17.Rab1 Rg8 18.Qh6 Rg5 19.Qh8+ Bf8 20.Na3 a6 21.Rd2 Qa7 22.Rbd1 b5
23.Naxb5 axb5 24.Nxb5 Bxb5 25.Bxb5+ Nc6 26.Rc2 Qb6 27.a4 Rf5 28.Rdc1 Qxd4
29.Rxc6 Rxc6 30.Bxc6+ Ke7 31.Bb5 Qb4 32.Kf1 Kd8 33.Ba6 Kd7 34.Bd3 Rf4 35.Bb5+ Kd8
36.Qxh5 Qd2 37.Qh4+ f6 38.Re1 Bb4 39.Rb1 Bc5 40.Be2 Rxf2+ 41.Qxf2 Bxf2 42.Kxf2 Qd4+
43.Kf1 Qf4+ 44.Kg1 Qe4 45.Re1 Qxe5 46.a5 Qe3+ 47.Kf1 Qf4+ 48.Kg1 Qd2 49.Kf1 g3
50.hxg3 Qxa5 51.Bf3 Kd7 52.Bg4 f5 53.Bf3 Qb4 54.Rd1 Kd6 55.Kg1 Qxb2 56.g4 f4
57.Kh2 Qf2 58.Rd3 Kc5 59.Rc3+ Kd6 60.Rd3 Qh4+ 61.Kg1 Qe1+ 62.Kh2 Kc5 63.Ra3 e5
64.g5 Qg3+ 65.Kh1 e4 66.Ra5+ Kb4 67.Rxd5 exf3 68.gxf3 Qxf3+  0-1

[Event "6th Agzamov Memorial"]
[Site "Tashkent UZB"]
[Date "2012.03.13"]
[Round "8"]
[White "Khamrakulov,D"]
[Black "Khoroshev,N"]
[Result "1-0"]
[WhiteElo "2452"]
[BlackElo "2318"]

1.d4 Nf6 2.Bg5 e6 3.Nf3 b6 4.e4 h6 5.Bxf6 Qxf6 6.Bd3 Bb7 7.Nbd2 c5 8.c3 cxd4
9.cxd4 Nc6 10.e5 Qd8 11.a3 d6 12.Rc1 Qd7 13.Qe2 d5 14.O-O Be7 15.b4 O-O 16.Bb1 a5
17.b5 Na7 18.a4 Rac8 19.h4 Rxc1 20.Rxc1 Rc8 21.Rxc8+ Nxc8 22.Qd3 f5 23.exf6 Bxf6
24.Qh7+ Kf8 25.g4 Qc7 26.g5 Qc1+ 27.Kg2 hxg5 28.hxg5 Bxd4 29.Nb3 Qf4 30.Nbxd4  1-0

[Event "European Ind w Rapid 2012"]
[Site "Gaziantep TUR"]
[Date "2012.03.15"]
[Round "1"]
[White "Stefanova,A"]
[Black "Galojan,L"]
[Result "1-0"]
[WhiteElo "2531"]
[BlackElo "2364"]

1.d4 Nf6 2.Bg5 e6 3.Nd2 h6 4.Bh4 c5 5.e3 b6 6.Ngf3 Bb7 7.Bd3 Be7 8.Bxf6 Bxf6
9.c3 Nc6 10.Ne4 Be7 11.Ng3 Qc7 12.O-O h5 13.h4 f5 14.Ne2 O-O-O 15.Nf4 Bxh4
16.d5 Bf6 17.dxc6 Qxc6 18.Qe2 g5 19.Bb5 Qc7 20.Nd3 a6 21.Ba4 h4 22.c4 h3
23.g3 d5 24.cxd5 exd5 25.Nh2 Rdf8 26.Rac1 Kb8 27.Ne1 g4 28.Nd3 Be5 29.Nxe5 Qxe5
30.Qd3 Rd8 31.b4 d4 32.bxc5 Qd5 33.c6 Ba8 34.e4 fxe4 35.c7+ Ka7 36.cxd8=Q Rxd8
37.Qb3 b5 38.Qxd5 Rxd5 39.Bb3 Rg5 40.Rc7+ Kb6 41.Rd7 d3 42.Rc1 a5 43.Rd6+ Ka7
44.Be6 Bb7 45.Nxg4 a4 46.Kh2 b4 47.Ne3 Rg6 48.Rc7  1-0

[Event "European Ind w Rapid 2012"]
[Site "Gaziantep TUR"]
[Date "2012.03.15"]
[Round "2"]
[White "Hoang Thanh Trang"]
[Black "Lahno,Kateri"]
[Result "0-1"]
[WhiteElo "2438"]
[BlackElo "2546"]

1.d4 Nf6 2.Bg5 e6 3.e4 h6 4.Bxf6 Qxf6 5.c3 d6 6.Bd3 g6 7.Ne2 e5 8.O-O Bg7
9.f4 Qe7 10.Nd2 O-O 11.Nf3 c6 12.Qc2 Bg4 13.h3 Bxf3 14.Rxf3 Nd7 15.Raf1 exd4
16.cxd4 c5 17.dxc5 Nxc5 18.b4 Ne6 19.Kh1 Rac8 20.Qa4 Nd4 21.Nxd4 Bxd4 22.f5 g5
23.b5 Qe5 24.f6 Bb6 25.Rf5 Qg3 26.Qd1 Rc3 27.R1f3 Qh4 28.Bf1 Rfc8 29.Rxc3 Rxc3
30.Qxd6 Qxe4 31.Re5 Rxh3+  0-1